| 000 | 00870 a2200217 4500 | ||
|---|---|---|---|
| 003 | Nust | ||
| 005 | 20170207153542.0 | ||
| 010 | _a 93015050 | ||
| 020 | _a9788131715369 | ||
| 040 | _cNust | ||
| 082 | 0 | 0 | _a004.6 |
| 100 | 1 | _aStallings, William. | |
| 245 | 1 | 0 |
_aData and computer communications / _cWilliam Stallings. |
| 250 | _a8th ed. | ||
| 260 |
_aNew York : _bPearson Education _aSouth Asia _bCollier Macmillan Canada ; _aNew York : _bMaxwell Macmillan International, _c2007 |
||
| 300 |
_axv, 835 p. : _bcol. ill. ; _c25 cm. |
||
| 505 | _aPart One: Overview (Page-1), Part Two: Data Communications (Page-52), Part Three: Wide Area Networks (Page-277), Part Four: Local Area Networks (Page-421), Part One: Internet and Transport Protocols (Page-526), | ||
| 538 | _aAlmirah No 3. Shelf No.6 | ||
| 650 | 0 | _aComputer networks. | |
| 650 | 0 | _aData transmission systems. | |
| 942 |
_2ddc _cBK |
||
| 999 |
_c188466 _d188466 |
||